Case study research and applications : (Record no. 27003)
[ view plain ]
| 000 -LEADER | |
|---|---|
| fixed length control field | 03001cam a22003255a 4500 |
| 001 - CONTROL NUMBER | |
| control field | 19975251 |
| 005 - DATE AND TIME OF LATEST TRANSACTION | |
| control field | 20181115123720.0 |
| 008 - FIXED-LENGTH DATA ELEMENTS--GENERAL INFORMATION | |
| fixed length control field | 170905t2018 cau frb 001 0 eng d |
| 010 ## - LIBRARY OF CONGRESS CONTROL NUMBER | |
| LC control number | 2017040835 |
| 020 ## - INTERNATIONAL STANDARD BOOK NUMBER | |
| International Standard Book Number | 9781506336169 (pbk. : alk. paper) |
| 040 ## - CATALOGING SOURCE | |
| Original cataloging agency | DLC |
| Language of cataloging | eng |
| Transcribing agency | DLC |
| Modifying agency | DLC |
| -- | EG-ScBUE |
| 042 ## - AUTHENTICATION CODE | |
| Authentication code | pcc |
| 082 04 - DEWEY DECIMAL CLASSIFICATION NUMBER | |
| Classification number | 300.722 |
| Item number | YIN |
| Edition number | 22 |
| 100 1# - MAIN ENTRY--PERSONAL NAME | |
| Personal name | Yin, Robert K. |
| 9 (RLIN) | 41940 |
| 240 10 - UNIFORM TITLE | |
| Uniform title | <a href="Case study research">Case study research</a> |
| 245 10 - TITLE STATEMENT | |
| Title | Case study research and applications : |
| Remainder of title | design and methods / |
| Statement of responsibility, etc | Robert K. Yin. |
| 250 ## - EDITION STATEMENT | |
| Edition statement | 6th ed. |
| 260 ## - PUBLICATION, DISTRIBUTION, ETC. (IMPRINT) | |
| Place of publication, distribution, etc | Thousand Oaks, California : |
| Name of publisher, distributor, etc | SAGE Publications, Inc., |
| Date of publication, distribution, etc | c.2018. |
| 300 ## - PHYSICAL DESCRIPTION | |
| Extent | xxx, 319 p. ; |
| Dimensions | 23 cm. |
| 500 ## - GENERAL NOTE | |
| General note | Earlier editions called: Case study research : design and methods. |
| 504 ## - BIBLIOGRAPHY, ETC. NOTE | |
| Bibliography, etc | Includes bibliographical references and indexes. |
| 505 0# - FORMATTED CONTENTS NOTE | |
| Formatted contents note | Foreword / Donald T. Campbell --<br/>Preface --<br/>Getting started : how to know whether and when to use the case study as a research method --<br/>Designing case studies : identifying your case(s) and establishing the logic of your case study --<br/>Preparing to collect case study evidence : what you need to do before starting to collect case study data --<br/>Collecting case study evidence : the principles you should follow in working with six sources of evidence --<br/>Analyzing case study evidence : how to start your analysis, your analytic choices, and how they work --<br/>Reporting case studies : how and what to compose. |
| 520 ## - SUMMARY, ETC. | |
| Summary, etc | "[This book] provides a complete portal to the world of case study research. With the integration of 11 applications in this edition, the book gives readers access to ... case studies drawn from a wide variety of academic and applied fields. Ultimately, [this book] will guide students in the ... design and use of the case study research method. New to this edition: includes 11 in-depth applications that show how researchers have implemented case study methods successfully; increases reference to relativist and constructivist approaches to case study research, as well as how case studies can be part of mixed methods projects; places greater emphasis on using plausible rival explanations to bolster case study quality; discusses synthesizing findings across case studies in a multiple-case study in more detail; adds an expanded list of 15 fields that have text or texts devoted to case study research; and sharpens discussion of distinguishing research from non-research case studies. The author brings to light at least three remaining gaps to be filled in the future: how rival explanations can become more routinely integrated into all case study research; the difference between case-based and variable-based approaches to designing and analyzing case studies; and the relationship between case study research and qualitative research." |
| 650 #7 - SUBJECT ADDED ENTRY--TOPICAL TERM | |
| Topical term or geographic name as entry element | Case method. |
| Source of heading or term | BUEsh |
| 9 (RLIN) | 34827 |
| 650 #7 - SUBJECT ADDED ENTRY--TOPICAL TERM | |
| Topical term or geographic name as entry element | Social sciences |
| General subdivision | Research |
| -- | Methodology. |
| Source of heading or term | BUEsh |
| 651 ## - SUBJECT ADDED ENTRY--GEOGRAPHIC NAME | |
| Source of heading or term | BUEsh |
| 653 ## - INDEX TERM--UNCONTROLLED | |
| Resource For college | BAEPS, Business Administration |
| Arrived date list | November2018 |
| 655 ## - INDEX TERM--GENRE/FORM | |
| Form subdivision | Reading book |
| 942 ## - ADDED ENTRY ELEMENTS (KOHA) | |
| Source of classification or shelving scheme | Dewey Decimal Classification |
| Withdrawn status | Item status | Source of classification or shelving scheme | Damaged status | Not for loan | Vendor | Home library | Current library | Shelving location | Date acquired | Source of acquisition | Cost, normal purchase price | Total Checkouts | Full call number | Barcode | Date last seen | Koha item type |
|---|---|---|---|---|---|---|---|---|---|---|---|---|---|---|---|---|
| Dewey Decimal Classification | Baccah | Central Library | Central Library | First floor | 15/11/2018 | Purchase | 850.00 | 300.722 YIN | 000043960 | 15/07/2025 | NB - Book (Non borrowing) | |||||
| Dewey Decimal Classification | Baccah | Central Library | Central Library | First floor | 15/11/2018 | Purchase | 850.00 | 300.722 YIN | 000043961 | 15/07/2025 | Book - Borrowing |